00770nam a2200277Ia 4500001000900000003000500009005001700014008004100031010001100072020001800083040000900101082001700110100002100127245009100148250001100239260003100250300001600281500004900297503001400346504002800360650002200388650001900410650002200429650001900451700002200470dia_3247CHAP20230412113112.0220117s1978 xx 000 0 und d a173744 a84-282-0328-8 cCHAP a576 B77 1978 aBrock, Thomas D. aBiología de los microorganismos /c Thomas D. Brock ; traducción Ricardo Guerrero a2a ed. aEspaña :b Omega,c1978 axvi, 254 p. aTítulo original: Biology of microorganisms aI. 157276 aIncluye bibliografías aMicrobiología  aMicrobiology  aMicroorganismos  aMicroorganisms aGuerrero, Ricardo